| 000 | 02149nam a2200373 i 4500 | ||
|---|---|---|---|
| 001 | 195537 | ||
| 003 | ES-VgaRLPE | ||
| 005 | 20250712063143.0 | ||
| 008 | 240619 2001 sp spa c | ||
| 017 | _aB 41586-2001 | ||
| 020 | _a848088682X | ||
| 035 | _a(OCoLC)641679498 | ||
| 040 |
_aB0095 _bspa _cES-MaACL |
||
| 080 | 1 | _a659.4 | |
| 100 | 0 |
_aBlack, Sam _929065 _eaut |
|
| 245 | 1 | 0 |
_aABC de las relaciones públicas : _btodos los secretos y fundamentos de las relaciones públicas, con ejemplos reales / _cSam Black ; [traducción, Aida Santapau]. |
| 260 |
_aBarcelona : _bGestión 2000, _c2001. |
||
| 300 |
_a227 páginas ; _c23 cm |
||
| 336 |
_2rdacontent _atexto |
||
| 337 |
_2rdamedia _asin mediación |
||
| 338 |
_2rdacarrier _avolumen |
||
| 490 | 1 | _aColección universitaria ESERP | |
| 520 | _aLa práctica de las Relaciones Públicas se ha desarrollado de una manera espectacular en los últimos años. Sin embargo, y como dice Sam Black, las Relaciones Públicas son "muy sencillas", la única dificultad es llevarlas a cabo de forma profesional. Es desde este punto de vista que, Sam Black, explora la combinación de conceptos, técnicas y habilidades que pueden dar como resultado unas Relaciones Públicas verdaderamente profesionales. Basándose en su dilatada experiencia, Sam Black, examina con toda profundidad una gama dinámica de Relaciones Públicas en el actual mundo de los negocios. Nos explica el papel tan valioso que desempeñan las Relaciones Públicas al abarcar las siguientes áreas: El papel estratégico de las Relaciones Públicas. | ||
| 650 | 7 |
_aRelaciones públicas _9146430 |
|
| 700 | 1 |
_aSantapau, Aida. _9237160 _etrl |
|
| 852 |
_aES-MaACL _cDEPOJ _jN-10044 _hDonación: Helena de la Joya _xEncuadernación rústica con solapas _9206191 |
||
| 903 |
_aJoya, Helena de la _ednr |
||
| 942 |
_cMONOGRAFIA _n0 |
||
| 999 |
_c195537 _d195537 |
||